De la création de l'ordre dans l'humanité

Saved in:
Bibliografiske detaljer
Hovedforfatter: Proudhon, Pierre Joseph (Author)
Format: Bog
Sprog:fransk
Udgivet: París Marcel Rivière 1927
Serier:Oeuvres complètes
Fag:
Tags: Tilføj Tag
Ingen Tags, Vær først til at tagge denne postø!

MARC

LEADER 00000nam a2200000 a 4500
001 UCZ5160
003 CL-VaPUC
008 951117e19270000FR |||||||||||||||||fre|d
082 0 4 |a 194  |b PRO  |2 21 
100 0 |a Proudhon, Pierre Joseph  |e author  |9 349103 
245 1 0 |a De la création de l'ordre dans l'humanité 
246 1 0 |a Principes d'organisation politique 
300 |a 464 p 
942 |c BK 
945 |d 19951117 00:00:00  |a cmena 
260 |a París  |b Marcel Rivière  |c 1927 
650 0 |a Filosofía francesa   |9 255698 
650 0 |a Religión   |9 255164 
650 0 |a Teología   |9 258766 
650 0 |a Creencia Religiosa  |9 316904 
650 0 |a Cristianismo  |9 257361 
583 |a last modification  |c 19951117 00:00:00  |k Rodrigo Vera 
490 0 |a Oeuvres complètes 
999 |c 241482  |d 241480 
952 |0 0  |1 0  |4 0  |6 194_000000000000000_PRO_1927  |7 0  |8 P  |9 253813  |a BIBEDU  |b BIBEDU  |c BIBEDU_PB  |d 2019-11-19  |i 1574833  |o 194 PRO 1927  |p 1574833  |r 2024-01-25  |w 2019-11-19  |y BK  |k FIL